[Event "Stuttgart-chC int"]
[Site "Ditzingen"]
[Date "2013.05.11"]
[Round "6"]
[White "Spasovski, Dusan"]
[Black "Erben, Katrin"]
[Result "0-1"]
[WhiteElo "1111"]
[BlackElo "1272"]
[PlyCount "30"]
[EventDate "2013.05.09"]
[EventType "swiss"]
[EventRounds "7"]
[EventCountry "GER"]
[SourceTitle "EXT 2014"]
[Source "ChessBase"]
[SourceDate "2013.11.20"]
[SourceVersion "1"]
[SourceVersionDate "2013.11.20"]
[SourceQuality "1"]

1. e4 e5 2. Nf3 Nc6 3. Bb5 Bc5 4. 0-0 Nf6 5. Re1 Ng4 6. Nd4 Nxf2 7. Kxf2 Nxd4 8. Kf1 Qf6+ 9. Kg1 Nxb5+ 10. Kh1 d6 11. d3 Qh4 12. Rf1 Bg4 13. Qd2 Nd4 14. Nc3 Bb4 15. Qe3 Nxc2 0-1

[Event "Stuttgart-chC int"]
[Site "Ditzingen"]
[Date "2013.05.10"]
[Round "3"]
[White "Spasovski, Dusan"]
[Black "Reichmann, Bernd"]
[Result "1/2-1/2"]
[WhiteElo "1111"]
[BlackElo "1137"]
[PlyCount "59"]
[EventDate "2013.05.09"]
[EventType "swiss"]
[EventRounds "7"]
[EventCountry "GER"]
[SourceTitle "EXT 2014"]
[Source "ChessBase"]
[SourceDate "2013.11.20"]
[SourceVersion "1"]
[SourceVersionDate "2013.11.20"]
[SourceQuality "1"]

1. e4 e5 2. Nf3 Nc6 3. Bb5 d6 4. d4 exd4 5. Nxd4 Bd7 6. 0-0 Nxd4 7. Bxd7+ Qxd7 8. Qxd4 f6 9. Nc3 c6 10. Bd2 Ne7 11. Bh6 Ng6 12. Bd2 a6 13. Na4 c5 14. Qc4 Ne5 15. Qb3 Qf7 16. Qg3 b5 17. Nb6 Rb8 18. Nd5 Qd7 19. Rad1 Be7 20. Qa3 Qb7 21. Qg3 g6 22. b3 Kd7 23. f4 Nc6 24. Qh3+ Ke8 25. f5 g5 26. Qh5+ Kd7 27. Qf7 Rbf8 28. Qe6+ Ke8 29. Nxe7 Qxe7 30. Qd5 1/2-1/2